|
|
|
|
| LEADER |
00000nam2a2200000 4500 |
| 001 |
72870 |
| 005 |
20231031083922.0 |
| 035 |
|
|
|a (RuTPU)RU\TPU\book\77705
|
| 090 |
|
|
|a 72870
|
| 100 |
|
|
|a 20050202d1960 k y0rusy50 ca
|
| 101 |
0 |
|
|a rus
|
| 102 |
|
|
|a RU
|
| 105 |
|
|
|a a z 000zy
|
| 200 |
0 |
|
|a Т. 2
|
| 210 |
|
|
|d 1960
|
| 215 |
|
|
|a 867 с.
|c ил.
|
| 461 |
|
1 |
|0 (RuTPU)RU\TPU\book\74496
|t Поливиниловый спирт и его производные
|o в 2 т.
|f С. Н. Ушаков
|g Академия Наук СССР; Институт высокомолекулярных соединений
|v Т. 2
|d 1960
|
| 610 |
1 |
|
|a химическая технология
|
| 610 |
1 |
|
|a поливиниловый спирт
|
| 610 |
1 |
|
|a производные
|
| 610 |
1 |
|
|a технические свойства
|
| 675 |
|
|
|a 661.72
|v 3
|
| 801 |
|
1 |
|a RU
|b 63413507
|c 20050202
|g PSBO
|
| 801 |
|
2 |
|a RU
|b 63413507
|c 20160511
|g RCR
|
| 942 |
|
|
|c BK
|